000 01697cam a2200169 4500500
005 20260208010704.0
041 _afre
042 _adc
100 1 0 _aGabaude, Jean-Marc
_eauthor
245 0 0 _aAndré Bord, Jacqueline Pascal, fille spirituelle de Blaise, Perpignan, Tempora et Paris, éd. du Jubilé, 2009, 128 p., 14,50 ?
260 _c2010.
500 _a76
520 _aRésuméTrois publications récentes permettent de passer des questions épistémologiques et méthodologiques de l’expérimentation biomédicale (nouvelle édition de Claude Bernard) aux enjeux éthiques soulevés par le choix des sujets d’expérience. Les groupes socialement dominés, dont les corps ont d’abord été exposés aux risques de l’expérimentation (Grégoire Chamayou) peuvent, dans d’autres contextes historiques et sociaux, revendiquer d’accéder aux protocoles de la recherche médicale (Steven Epstein).
520 _aThree recent publications allow the consideration of both the epistemological and methodological issues raised by biomedical experimentation (a new edition of Claude Bernard’s Introduction to the Study of Experimental Medicine) and of the ethical issues bearing on the choice of experimental subjects. Socially dominated groups, whose bodies had first been subjected to the hazards of experimentation (Grégoire Chamayou), may, in different historical and social contexts, claim access to medical research programs (Steven Epstein).
786 0 _nRevue philosophique de la France et de l'étranger | 135 | 2 | 2010-05-31 | p. 257c-260c | 0035-3833
856 4 1 _uhttps://shs.cairn.info/revue-philosophique-2010-2-page-257c?lang=fr&redirect-ssocas=7080
999 _c1657724
_d1657723